<?xml version="1.0" encoding="UTF-8"?>
<record
    xmlns:xsi="http://www.w3.org/2001/XMLSchema-instance"
    xsi:schemaLocation="http://www.loc.gov/MARC21/slim http://www.loc.gov/standards/marcxml/schema/MARC21slim.xsd"
    xmlns="http://www.loc.gov/MARC21/slim">

  <leader>00960nam a2200217 i 4500</leader>
  <controlfield tag="001">111599</controlfield>
  <controlfield tag="003">ES-MaACL</controlfield>
  <controlfield tag="005">20240523063033.0</controlfield>
  <controlfield tag="007">t|</controlfield>
  <controlfield tag="008">061121q1919    sp f         |||| | spa d</controlfield>
  <datafield tag="100" ind1="0" ind2=" ">
    <subfield code="a">Nerval, G&#xE9;rard de,</subfield>
    <subfield code="d">1808-1855</subfield>
    <subfield code="9">85401</subfield>
  </datafield>
  <datafield tag="245" ind1="1" ind2="4">
    <subfield code="a">Las hijas del fuego </subfield>
    <subfield code="b">: (novelas) / </subfield>
    <subfield code="c">Gerardo de Nerval [seud.] ; [traducci&#xF3;n de Carmen de Burgos (Colombine) ; pr&#xF3;logo de Ram&#xF3;n G&#xF3;mez de la Serna].</subfield>
  </datafield>
  <datafield tag="260" ind1=" " ind2=" ">
    <subfield code="a">Madrid : </subfield>
    <subfield code="b">Biblioteca Nueva, </subfield>
    <subfield code="c">[ca. 1919] (</subfield>
    <subfield code="f">Imp. Juan Pueyo)</subfield>
  </datafield>
  <datafield tag="300" ind1=" " ind2=" ">
    <subfield code="a">269 p., [5] h. de l&#xE1;m. ; </subfield>
    <subfield code="c">19 cm.</subfield>
  </datafield>
  <datafield tag="490" ind1="1" ind2=" ">
    <subfield code="a">Colecci&#xF3;n extranjera de la Biblioteca Nueva</subfield>
  </datafield>
  <datafield tag="700" ind1="1" ind2=" ">
    <subfield code="a">Burgos, Carmen de,</subfield>
    <subfield code="d">1867-1932</subfield>
    <subfield code="9">32646</subfield>
  </datafield>
  <datafield tag="700" ind1="1" ind2=" ">
    <subfield code="a">G&#xF3;mez de la Serna, Ram&#xF3;n,</subfield>
    <subfield code="d">1888-1963</subfield>
    <subfield code="9">57901</subfield>
  </datafield>
  <datafield tag="830" ind1="0" ind2=" ">
    <subfield code="a">Colecci&#xF3;n extranjera de la Biblioteca Nueva</subfield>
    <subfield code="9">226400</subfield>
  </datafield>
  <datafield tag="852" ind1=" " ind2=" ">
    <subfield code="a">ES-MaACL</subfield>
    <subfield code="j">F-8449 </subfield>
    <subfield code="z">.- Ded. aut&#xF3;grafa de Ram&#xF3;n Gom&#xE9;z de la Serna </subfield>
    <subfield code="z">.- Dont. Ram&#xF3;n G&#xF3;mez de la Serna</subfield>
  </datafield>
  <datafield tag="999" ind1=" " ind2=" ">
    <subfield code="c">111599</subfield>
    <subfield code="d">111599</subfield>
  </datafield>
  <datafield tag="952" ind1=" " ind2=" ">
    <subfield code="0">0</subfield>
    <subfield code="1">0</subfield>
    <subfield code="4">0</subfield>
    <subfield code="7">0</subfield>
    <subfield code="a">ATENEOM</subfield>
    <subfield code="b">ATENEOM</subfield>
    <subfield code="c">SPP2</subfield>
    <subfield code="d">2008-01-17</subfield>
    <subfield code="e">SC</subfield>
    <subfield code="l">0</subfield>
    <subfield code="o">F-8449</subfield>
    <subfield code="p">1116421</subfield>
    <subfield code="r">2023-02-23 00:00:00</subfield>
    <subfield code="w">2023-02-23</subfield>
    <subfield code="y">MONOGRAFIA</subfield>
  </datafield>
</record>
